Reserva forestal protectora de los ríos Blanco y Negro municipio de La Calera: (Registro nro. 6662)

Detalles MARC
000 -CABECERA
Campo de control 01005nam a2200313 a 4500
005 - FECHA Y HORA DE LA ULTIMA TRANSACCION
Campo de control 20200104041611.0
008 - ELEMENTOS DE LONGITUD FIJA—INFORMACION GENERAL
Campo de control 160727b2005 ck ||||| |||| 00| 0 spa d
020 ## - ISBN
ISBN 9586837807
040 ## - FUENTE DE CATALOGACIÓN
Agencia catalogadora original CO-BoIAVH
Agencia transcriptora CO-BoIAVH
041 ## - IDIOMA
Código de idioma para texto/pista de sonido o título separado Español
044 ## - PAÍS DE PUBLICACIÓN
País de publicación Colombia
082 14 - NUMERO DE CLASIFICACION DECIMAL DEWEY
Número de clasificación 333.7511
Número del ítem P43r
100 1# - ASIENTO PRINCIPAL--NOMBRE PERSONAL
Nombre personal Pérez Torres, Jairo
Término relacionado autor
9 (RLIN) 7406
245 10 - MENCION DE TITULO
Título Reserva forestal protectora de los ríos Blanco y Negro municipio de La Calera:
Parte restante del título un lugar lleno de vida
260 ## - PUBLICACION, DISTRIBUCION, ETC. (PIE DE IMPRENTA)
Lugar de publicación, distribución, etc. Bogotá:
Nombre del editor, distribuidor, etc. CAR;
-- Pontificia Universidad Javeriana,
Fecha de publicación, distribución, etc. 2005.
300 ## - DESCRIPCION FISICA
Extensión 39 páginas.
650 1# - ASIENTO SECUNDARIO DE MATERIA - TERMINO TEMATICO
Término temático o nombre geográfico como elemento de entrada Reserva Forestal Protectora
9 (RLIN) 7966
650 1# - ASIENTO SECUNDARIO DE MATERIA - TERMINO TEMATICO
Término temático o nombre geográfico como elemento de entrada Suelos
9 (RLIN) 287
650 1# - ASIENTO SECUNDARIO DE MATERIA - TERMINO TEMATICO
Término temático o nombre geográfico como elemento de entrada Clima
9 (RLIN) 73524
650 1# - ASIENTO SECUNDARIO DE MATERIA - TERMINO TEMATICO
Término temático o nombre geográfico como elemento de entrada Vegetación
9 (RLIN) 73525
650 1# - ASIENTO SECUNDARIO DE MATERIA - TERMINO TEMATICO
Término temático o nombre geográfico como elemento de entrada Fauna
9 (RLIN) 92594
650 1# - ASIENTO SECUNDARIO DE MATERIA - TERMINO TEMATICO
Término temático o nombre geográfico como elemento de entrada Inventarios
9 (RLIN) 92201
662 1# - ASIENTO SECUNDARIO DE MATERIA - JERARQUIA DEL NOMBRE DE LUGAR(
País o entidad mayor Colombia
Ciudad La Calera
Jurisdicción política de primer orden Cundinamarca
700 1# - ASIENTO SECUNDARIO - NOMBRE PERSONAL
Nombre personal Garavito, Ana Carolina
Término de relación autora
9 (RLIN) 73528
700 1# - ASIENTO SECUNDARIO - NOMBRE PERSONAL
Nombre personal Pardo, Andrea
Término de relación autora
9 (RLIN) 73529
700 1# - ASIENTO SECUNDARIO - NOMBRE PERSONAL
Nombre personal Vélez, Mercedes
Término de relación autora
9 (RLIN) 73530
942 ## - ELEMENTOS ADICIONALES (KOHA)
Tipo de ítem Folleto
Sistema de clasificación Dewey Decimal Classification
Koha issues (borrowed), all copies 1
945 ## - PROCESAMIENTO LOCAL
AAAA-MM-DD - Fecha de ingreso o modificacion 2008-11-14
Existencias
Withdrawn status Lost status Sistema de Clasificación Damaged status No para préstamo Colección Inventariado Ubicación Permanente Ubicación actual Fecha de adquisición Total Checkouts Número topográfico Inventario / Código de Barras Date last seen Date checked out Ejemplar Price effective from Forma de adquisición Tipo de material
    Dewey Decimal Classification     General Inventariado 2017 Bogotá Bogotá 14/11/2008 1 LB-333.7511 P43r 026575 10/10/2017 10/10/2017 Ej.1 04/12/2012 Donación Folleto
    Dewey Decimal Classification     General Inventariado 2017 Sala Fabio Quevedo Sala Fabio Quevedo 28/02/2019   333.7511 P43r 030419 28/02/2019   Ej. 2 28/02/2019 Donación Folleto